Szegedi szemle. - 3. évf (1930) 14. sz.

Elmentve itt :
Bibliográfiai részletek
Dokumentumtípus: Folyóirat
Megjelent: 1930
Sorozat:Szegedi szemle 3 No. 14
Online Access:http://misc.bibl.u-szeged.hu/21433
LEADER 00494nas a2200145 i 4500
001 misc21433
005 20191106142604.0
008 170630s1930 hu o 0|| zxx d
040 |a SZTE Miscellanea Repozitórium  |b hun 
041 |a zxx 
245 0 0 |a Szegedi szemle. - 3. évf (1930) 14. sz.  |h [elektronikus dokumentum] 
260 |c 1930 
490 0 |a Szegedi szemle  |v 3 No. 14 
561 |a Szegedi helytörténeti dokumentumok 
856 4 0 |u http://misc.bibl.u-szeged.hu/21433/1/szsz_1930_014.pdf  |z Dokumentum-elérés